Manual de formulación de proyectos de cooperación internacional / (Registro nro. 6828)

Detalles MARC
000 -CABECERA
Campo de control 01119nam a2200241 a 4500
005 - FECHA Y HORA DE LA ULTIMA TRANSACCION
Campo de control 20171010144059.0
008 - ELEMENTOS DE LONGITUD FIJA—INFORMACION GENERAL
Campo de control 100510s2006 ck a gr f000 0 spa d
040 ## - FUENTE DE CATALOGACIÓN
Agencia catalogadora original CO-BoBLA
Agencia transcriptora CO-BoBLA
Agencia Modificadora CO-BoIAVH
041 0# - IDIOMA
Código de idioma para texto/pista de sonido o título separado Español
044 ## - PAÍS DE PUBLICACIÓN
País de publicación Colombia
082 04 - NUMERO DE CLASIFICACION DECIMAL DEWEY
Número de clasificación 361.26
Número del ítem C71m
110 1# - ASIENTO PRINCIPAL--NOMBRE CORPORATIVO
Nombre corporativo o de jurisdicción como elemento de entrada Colombia
Unidad subordinad Presidencia de la República
-- Agencia Presidencial para la Acción Social y la Cooperación Internacional
9 (RLIN) 86108
245 10 - MENCION DE TITULO
Título Manual de formulación de proyectos de cooperación internacional /
Mención de responsabilidad Agencia Presidencial para la Acción Social y la Cooperación Internacional, Agencia Española de Cooperación Internacional.
260 3# - PUBLICACION, DISTRIBUCION, ETC. (PIE DE IMPRENTA)
Lugar de publicación, distribución, etc. Bogotá :
Nombre del editor, distribuidor, etc. Acción Social,
Fecha de publicación, distribución, etc. 2006.
300 ## - DESCRIPCION FISICA
Extensión 65 páginas :
Otros detalles físicos ilustraciones ;
Dimensiones 27 x 19 cm.
504 ## - NOTA DE BIBLIOGRAFIA, ETC.
Nota de bibliografía Incluye referencias bibliográficas.
650 26 - ASIENTO SECUNDARIO DE MATERIA - TERMINO TEMATICO
Término temático o nombre geográfico como elemento de entrada Cooperación internacional
Subdivisión geográfica Colombia
Subdivisión de forma Manuales
9 (RLIN) 86109
650 26 - ASIENTO SECUNDARIO DE MATERIA - TERMINO TEMATICO
Término temático o nombre geográfico como elemento de entrada Planes de desarrollo
Subdivisión geográfica Colombia
Subdivisión de forma Manuales
9 (RLIN) 86110
650 26 - ASIENTO SECUNDARIO DE MATERIA - TERMINO TEMATICO
Término temático o nombre geográfico como elemento de entrada Proyectos de desarrollo
Subdivisión geográfica Colombia
Subdivisión de forma Manuales
9 (RLIN) 86111
700 1# - ASIENTO SECUNDARIO - NOMBRE PERSONAL
Nombre personal Palomar Avilés, Raúl
Término de relación editor
9 (RLIN) 86112
710 2# - ASIENTO SECUNDARIO - NOMBRE CORPORATIVO
Nombre corporativo o de jurisdicción como elemento de entrada Agencia Española de Cooperación Internacional
9 (RLIN) 8931
942 ## - ELEMENTOS ADICIONALES (KOHA)
Sistema de clasificación Dewey Decimal Classification
Tipo de ítem Libro
Existencias
Withdrawn status Lost status Sistema de Clasificación Damaged status No para préstamo Colección Inventariado Ubicación Permanente Ubicación actual Fecha de adquisición Fuente de Valor Valor Total Checkouts Número topográfico Inventario / Código de Barras Date last seen Ejemplar Price effective from Forma de adquisición Tipo de material
    Dewey Decimal Classification     General Inventariado 2017 Sala Fabio Quevedo Sala Fabio Quevedo 11/05/2009 Instituto 20000.00   LB-361.26 C71m 026985 04/12/2012 Ej.1 04/12/2012 Donación Libro